000 00649nam a2200205Ia 4500
001 10099
003 GE_BSU
008 181216s||||||||xx |||||||||||||| ||und||
040 _cGE_BSU
080 _a821.353.1–1
100 _aსალუქვაძე,გიორგი
245 _aრჩეული ლექსები
245 _cრედ.შ.ზოიძე.მხატვ.რ.სანადირაძე
260 _aბათუმი
260 _bსაბჭოთა აჭარა
260 _c1973
300 _a335გვ.1ფ.პორტრ.
653 _aრჩეული ლექსები
942 _cBK
999 _c43371
_d43371